[Event "Moscow op (Women)"]
[Site "Moscow"]
[Date "2009.02.03"]
[Round "4"]
[White "Chasovnikova, Eugenia"]
[Black "Suslova, Alena"]
[Result "0-1"]
[WhiteElo "2302"]
[BlackElo "2147"]
[PlyCount "74"]
[EventDate "2009.01.31"]
[EventType "swiss"]
[EventRounds "9"]
[EventCountry "RUS"]
[SourceTitle "EXT 2012"]
[Source "ChessBase"]
[SourceDate "2011.11.24"]
[SourceVersion "1"]
[SourceVersionDate "2011.11.24"]
[SourceQuality "1"]

1. d4 Nf6 2. Nf3 g6 3. c4 Bg7 4. Nc3 0-0 5. e4 d6 6. h3 Na6 7. Bg5 Qe8 8. Be2 e5 9. dxe5 dxe5 10. 0-0 Nc5 11. Qc2 c6 12. Be3 Qe7 13. b4 Ne6 14. Nxe5 Nxe4 15. Qxe4 f5 16. Qc2 Bxe5 17. c5 f4 18. Bd2 Nd4 19. Bc4+ Kg7 20. Qd1 f3 21. Re1 Qc7 22. g4 h5 23. Be3 Rd8 24. Qc1 hxg4 25. Bh6+ Kh7 26. Qg5 Nf5 27. hxg4 Rd4 28. Re4 Rxe4 29. Nxe4 Nxh6 30. Re1 Nxg4 31. Qh4+ Kg7 32. Ng5 Nh6 33. Qe4 Bf6 34. Bd3 Nf5 35. Nxf3 Bd7 36. Rd1 Re8 37. Qg4 Nh4 0-1

[Event "Staufer op 21st"]
[Site "Schwaebisch Gmuend"]
[Date "2009.01.05"]
[Round "8"]
[White "Chasovnikova, Eugenia"]
[Black "Schwilk, Michael"]
[Result "1-0"]
[WhiteElo "2338"]
[BlackElo "1973"]
[PlyCount "45"]
[EventDate "2009.01.02"]
[EventType "swiss"]
[EventRounds "9"]
[EventCountry "GER"]
[SourceTitle "CBM 128 Extra"]
[Source "ChessBase"]
[SourceDate "2009.03.05"]
[SourceVersion "2"]
[SourceVersionDate "2009.03.25"]
[SourceQuality "1"]

1. Nf3 d5 2. d4 Nf6 3. c4 c6 4. Nc3 e6 5. Bg5 Nbd7 6. cxd5 exd5 7. e3 Be7 8. Bd3 0-0 9. Qc2 Re8 10. h3 h6 11. Bf4 Nf8 12. 0-0-0 Be6 13. g4 N6h7 14. Rhg1 g5 15. Be5 f6 16. h4 fxe5 17. Bxh7+ Kg7 18. Nxe5 Bf6 19. hxg5 Bxe5 20. gxh6+ Kh8 21. Bg6 Nxg6 22. Qxg6 Bf6 23. g5 1-0

[Event "Staufer op 21st"]
[Site "Schwaebisch Gmuend"]
[Date "2009.01.04"]
[Round "7"]
[White "Pribyl, Josef"]
[Black "Chasovnikova, Eugenia"]
[Result "1-0"]
[WhiteElo "2343"]
[BlackElo "2338"]
[PlyCount "113"]
[EventDate "2009.01.02"]
[EventType "swiss"]
[EventRounds "9"]
[EventCountry "GER"]
[SourceTitle "CBM 128 Extra"]
[Source "ChessBase"]
[SourceDate "2009.03.05"]
[SourceVersion "2"]
[SourceVersionDate "2009.03.25"]
[SourceQuality "1"]

1. c4 b6 2. Nc3 Bb7 3. Nf3 e6 4. e4 c5 5. d4 cxd4 6. Nxd4 d6 7. Be2 Be7 8. 0-0 Nf6 9. f3 0-0 10. Be3 a6 11. Qd2 Nbd7 12. Rfd1 Rc8 13. Rac1 Ne5 14. b3 Qc7 15. Bf1 Qb8 16. Kh1 Kh8 17. Qf2 Nfd7 18. Na4 Ba8 19. Nb2 Rg8 20. Nd3 g5 21. Nxe5 Nxe5 22. h3 Rcf8 23. a4 Rg6 24. Rd2 g4 25. hxg4 Bxe4 26. fxe4 Nxg4 27. Qg3 Nxe3 28. Qxe3 Bg5 29. Qc3 Bxd2 30. Qxd2 Qd8 31. Nf3 e5 32. Kg1 Qf6 33. Kf2 Rg4 34. Rd1 Rd8 35. Qe3 Rdg8 36. Ke2 Qg6 37. Kd3 b5 38. axb5 axb5 39. cxb5 f5 40. exf5 Qxf5+ 41. Kc3 Rc8+ 42. Bc4 Rxg2 43. Rxd6 Rg3 44. Rd3 e4 45. Qd4+ Rg7 46. Nh4 Qg5 47. Qxe4 h5 48. Qe6 Qc1+ 49. Kb4 Ra8 50. Kc5 Qg1+ 51. Kc6 Qg5 52. Rf3 Rag8 53. Rf6 Re8 54. Ng6+ Kh7 55. Nf8+ Rxf8 56. Bd3+ Rg6 57. Bxg6+ 1-0

[Event "Boeblingen op 25th"]
[Site "Boeblingen"]
[Date "2008.12.27"]
[Round "3"]
[White "Chasovnikova, Eugenia"]
[Black "Rombach, Michael"]
[Result "1-0"]
[WhiteElo "2338"]
[BlackElo "2130"]
[PlyCount "51"]
[EventDate "2008.12.26"]
[EventType "swiss"]
[EventRounds "9"]
[EventCountry "GER"]
[SourceTitle "CBM 128 Extra"]
[Source "ChessBase"]
[SourceDate "2009.03.05"]
[SourceVersion "2"]
[SourceVersionDate "2009.03.25"]
[SourceQuality "1"]

1. d4 Nf6 2. Nf3 g6 3. c4 Bg7 4. Nc3 0-0 5. e4 d6 6. Be2 e5 7. 0-0 Nc6 8. d5 Ne7 9. b4 a5 10. Ba3 axb4 11. Bxb4 Nd7 12. a4 f5 13. Ng5 Nf6 14. c5 fxe4 15. cxd6 cxd6 16. Ne6 Bxe6 17. dxe6 Nf5 18. Nb5 d5 19. g4 Nd4 20. e7 Qd7 21. exf8Q+ Bxf8 22. Bxf8 Nxe2+ 23. Qxe2 Rxf8 24. f3 exf3 25. Qxf3 e4 26. Qf4 1-0

[Event "Boeblingen op 25th"]
[Site "Boeblingen"]
[Date "2008.12.27"]
[Round "4"]
[White "Haas, Wilhelm"]
[Black "Chasovnikova, Eugenia"]
[Result "0-1"]
[WhiteElo "2156"]
[BlackElo "2338"]
[PlyCount "92"]
[EventDate "2008.12.26"]
[EventType "swiss"]
[EventRounds "9"]
[EventCountry "GER"]
[SourceTitle "CBM 128 Extra"]
[Source "ChessBase"]
[SourceDate "2009.03.05"]
[SourceVersion "2"]
[SourceVersionDate "2009.03.25"]
[SourceQuality "1"]

1. d4 d5 2. c4 Nc6 3. e3 Nf6 4. Nf3 Bf5 5. Be2 e6 6. a3 dxc4 7. Bxc4 Bd6 8. Nc3 0-0 9. 0-0 a6 10. b4 e5 11. d5 e4 12. Nxe4 Nxe4 13. dxc6 b5 14. Bb3 Qf6 15. Bd2 Bg4 16. Ra2 Rad8 17. h3 Bxf3 18. Qxf3 Qxf3 19. gxf3 Nxd2 20. Rxd2 Bh2+ 21. Kxh2 Rxd2 22. Kg2 Rfd8 23. e4 R8d3 24. Rb1 Rc3 25. a4 Rxc6 26. axb5 axb5 27. Ra1 g5 28. Kg3 Rc3 29. Rb1 Kg7 30. e5 Re2 31. Bd5 Rxe5 32. Rd1 c6 33. Ba2 Rf5 34. Rd2 Rfxf3+ 35. Kg2 Rxh3 36. Rd7 Rhf3 37. Bb1 h5 38. Be4 Rf6 39. Rc7 h4 40. f3 Rd6 41. Kh3 Rd4 42. Kg4 h3 43. Ra7 h2 44. Ra1 Rxb4 45. Kxg5 Rxe4 46. fxe4 Rg3+ 0-1

[Event "Zvenigorod Autumn op-B"]
[Site "Zvenigorod"]
[Date "2008.09.25"]
[Round "2"]
[White "Chasovnikova, Eugenia"]
[Black "Zavialov, Vladimir"]
[Result "1-0"]
[WhiteElo "2284"]
[BlackElo "2128"]
[PlyCount "75"]
[EventDate "2008.09.25"]
[EventType "swiss"]
[EventRounds "9"]
[EventCountry "RUS"]
[SourceTitle "EXT 2022"]
[Source "ChessBase"]
[SourceDate "2021.10.06"]
[SourceVersion "1"]
[SourceVersionDate "2021.10.06"]
[SourceQuality "1"]

1. d4 Nf6 2. Nf3 e6 3. c4 Bb4+ 4. Nbd2 Qe7 5. a3 Bxd2+ 6. Bxd2 d6 7. Qc2 0-0 8. Bg5 e5 9. d5 a5 10. e4 Nbd7 11. b3 h6 12. Be3 Nc5 13. Nd2 b6 14. Be2 Nh7 15. g4 Bd7 16. h4 f6 17. a4 Qe8 18. Nf1 Qg6 19. Ng3 Rac8 20. f3 Rfd8 21. Kf2 Kf8 22. Rag1 Ke7 23. Bd1 Rg8 24. Rg2 Rcf8 25. Kg1 Na6 26. Rhh2 Kd8 27. Kh1 Nc5 28. Qd2 Kc8 29. b4 axb4 30. Qxb4 Nb7 31. Rb2 f5 32. exf5 Qf6 33. Bxb6 c5 34. Bxc5 dxc5 35. Qxb7+ Kd8 36. Ne4 Qe7 37. d6 Qe8 38. Qc7# 1-0